This book is not required (Record no. 138397)

MARC details
000 -LEADER
fixed length control field 00823nam a2200265Ia 4500
003 - CONTROL NUMBER IDENTIFIER
control field OSt
005 - DATE AND TIME OF LATEST TRANSACTION
control field 20220918171223.0
008 - FIXED-LENGTH DATA ELEMENTS--GENERAL INFORMATION
fixed length control field 220917b |||||||| |||| 00| 0 eng d
020 ## - INTERNATIONAL STANDARD BOOK NUMBER
International Standard Book Number 9781412980388 (pbk)
037 ## - SOURCE OF ACQUISITION
Terms of availability Textual
040 ## - CATALOGING SOURCE
Original cataloging agency ARTS
Transcribing agency ARTS
Language of cataloging eng
041 ## - LANGUAGE CODE
Source of code eng
Language code of text/sound track or separate title eng
100 ## - MAIN ENTRY--PERSONAL NAME
Personal name Bell Inge [et...al]
9 (RLIN) 34856
245 #0 - TITLE STATEMENT
Title This book is not required
Remainder of title An emotional and intellectual survival manual for students
250 ## - EDITION STATEMENT
Edition statement 4th
260 ## - PUBLICATION, DISTRIBUTION, ETC.
Place of publication, distribution, etc. Los Angeles
Name of publisher, distributor, etc. Angles Sage U.S.A
Date of publication, distribution, etc. 2011
300 ## - PHYSICAL DESCRIPTION
Extent xiv, 302p.
Dimensions cm.
650 ## - SUBJECT ADDED ENTRY--TOPICAL TERM
Topical term or geographic name entry element EDUCATION
942 ## - ADDED ENTRY ELEMENTS (KOHA)
Classification part T4:73, Q1
Koha item type Textual
Source of classification or shelving scheme Colon Classification (CC)
Holdings
Withdrawn status Lost status Damaged status Not for loan Home library Current library Date acquired Source of acquisition Cost, normal purchase price Total Checkouts Full call number Barcode Date last seen Cost, replacement price Price effective from Koha item type
        Arts Library Arts Library 2022-09-18 333, 20/01/2012, Kilaso Books 2784.86   T4:73 Q1 AL1297752 2022-09-18 2784.86 2022-09-18 Textual
Copyright @ Delhi University Library System